実在する大学 - Statistics

General Stats
  • This quiz has been taken 416 times
  • The average score is 6 of 25
Answers on the Grid
Answers color-coded by a green-red scale on the quiz's grid according to % correct below.
東京学芸大学
東京教育大学
東京理科大学
東京工業大学
東京産業大学
東京商業大学
東京商科大学
東京工科大学
東京工芸大学
東京音楽大学
東京美術大学
東京農業大学
東京農工大学
東京科学技術大学
東京体育大学
東京未来大学
東京総合大学
東京国際大学
東京情報大学
東京デザイン大学
東京福祉大学
東京社会福祉大学
東京経済大学
東京保健大学
東京保健科学大学
東京薬学大学
東京医療大学
東京医科大学
東京医科歯科大学
東京女子医科大学
東京都市大学
東京都立大学
東京神学大学
東京帝国大学
東京電気大学
東京聖徳大学
東京純心大学
東京女子大学
東京大学
東京聖栄大学
東京栄光大学
東京服飾大学
東京富士大学
東京佛教大学
東京基督教大学
東京家政大学
東京家政学院大学
東京国際医療大学
東京文科大学
東京文化大学
 
Answer Stats
Answer % Correct
東京学芸大学
80%
東京理科大学
74%
東京農業大学
43%
東京農工大学
39%
東京都立大学
35%
東京工科大学
34%
東京大学
33%
東京経済大学
28%
東京都市大学
28%
東京国際大学
26%
東京医科大学
26%
東京女子大学
22%
東京未来大学
21%
東京音楽大学
20%
東京工芸大学
16%
東京女子医科大学
16%
東京家政大学
14%
東京情報大学
12%
東京福祉大学
9%
東京純心大学
9%
東京富士大学
9%
東京家政学院大学
8%
東京基督教大学
6%
東京神学大学
3%
東京聖栄大学
3%
No matching quizzes found
Score Distribution
Percent of People with Each Score
Percentile by Number Answered
Your Score History
You have not taken this quiz